000 00800nam a2200205Ia 4500
008 241004s9999 xx 000 0 und d
020 _a9789388007450
037 _aTextbook
040 _aARTS
_bhin
_cARTS
041 _ahin
_2hin
084 _aQ2:22.273 152R0
_qARTS
100 _aशर्मा, त्रिपुरारी शंकर, ले.
_9724576
245 _aपुराणों में मगध का भौगोलिक परिदृश्य
_cशर्मा, त्रिपुरारी शंकर, ले.
260 _aभारत
_bवाराणसी, मनीष प्रकाशन,
_c2022
300 _a172पृ0
365 _aINR
_b425
650 _aHinduism
942 _cTB
_hQ2:22.273 152R0
999 _c1218679
_d1218679